El Sobreviviente seguido de Ellos esperan / (Record no. 22876)

000 -CABECERA
fixed length control field 00610nam a22001937i 4500
003 - IDENTIFICADOR DEL NÚMERO DE CONTROL
control field AR-CdUCM
008 - DATOS DE LONGITUD FIJA--INFORMACIÓN GENERAL
fixed length control field 240508b20182018 cl||||| |||| 00| 0 spa d
020 ## - NÚMERO INTERNACIONAL ESTÁNDAR DEL LIBRO
ISBN 978-956-9343-15-5
040 ## - FUENTE DE LA CATALOGACIÓN
Agencia/entidad que catalogó originalmente la obra MUNICIPALIDAD PROVINCIAL DEL CUSCO
Entidad que transcribió la catalogación BIBLIOTECA MUNICIPAL DEL CUSCO
082 ## - NÚMERO DE LA CLASIFICACIÓN DECIMAL DEWEY
No. de Clasificación 869.34 / G82S
Notacion interna G82S
100 ## - ENTRADA PRINCIPAL--NOMBRE DE PERSONA
Nombre Personal Grove, Edward.
245 ## - MENCIÓN DE TÍTULO
Título El Sobreviviente seguido de Ellos esperan /
260 ## - PUBLICACIÓN, DISTRIBUCIÓN, ETC.
Lugar de publicación, distribución, etc. Chile :
Nombre de la editorial, distribuidor, etc. Rhinoceros ediciones,
Fecha de publicación, distribución, etc. 2018
300 ## - DESCRIPCIÓN FÍSICA
Nº de Páginas Extensión 301 páginas. :
Dimensiones 21 cm.
650 ## - PUNTO DE ACCESO ADICIONAL DE MATERIA--TÉRMINO DE MATERIA
Descriptor El sobreviviente
9 (RLIN) 49747
650 ## - PUNTO DE ACCESO ADICIONAL DE MATERIA--TÉRMINO DE MATERIA
Descriptor Ellos esperan
9 (RLIN) 49748
942 ## - ELEMENTOS DE PUNTO DE ACCESO ADICIONAL (KOHA)
Fuente de clasificación
Tipo de item Libros-BMC
945 ## - PROCESAMIENTO DE INFORMACIÓN LOCAL (OCLC)
Catalogador pbj
AAAA-MM-DD - Fecha de ingreso o modificacion 2024-05-08
Holdings
Estado de retiro (separado) Fuente de clasificación o esquema de estanterías Estado dañado Ubicación Sala donde se ubica Nombre de la colección Fecha de adquisición o compra Fuente de adquisición Costo, precio normal en soles Signatura topográfica Código de Barras Última vez visto (Koha) Tipo de ítem (Koha)
No     Sala Humanidades Sala Humanidades Book Cart 2024-05-08 Depósito Legal 20.00 869.34 / G82S SH0000016707 2024-05-08 Libros-BMC
No     Sala Humanidades Sala Humanidades Book Cart 2024-05-08 Depósito Legal 20.00 869.34 / G82S / e.2 SH0000016708 2024-05-08 Libros-BMC

Powered by Koha